The noble scholar, jurist, historian


 His Excellency Dr. Abdul Wahhab bin Ibrahim Abu Sulaiman, may Allah have mercy on him.


 He was born in Umm Al-Qura in the year 1356 AH.

نظام دائرة النفوس بالمملكة العربية السعودية رقم 38 / 2 / 62 في 24 / 6 / 1358 هـ / (Record no. 12943)

MARC details
000 -LEADER
fixed length control field 01078cam a2200265 i 4500
003 - CONTROL NUMBER IDENTIFIER
control field SA-RiAUC
005 - DATE AND TIME OF LATEST TRANSACTION
control field 20251102135435.0
008 - FIXED-LENGTH DATA ELEMENTS--GENERAL INFORMATION
fixed length control field 251027s1961 su f l f000 0 ara c
040 ## - CATALOGING SOURCE
Original cataloging agency SA-RiSAMA
Language of cataloging ara
Transcribing agency SA-RiAUC
Description conventions rda
043 ## - GEOGRAPHIC AREA CODE
Geographic area code a-su---
082 04 - DEWEY DECIMAL CLASSIFICATION NUMBER
Classification number 346.53101
090 ## - LOCALLY ASSIGNED LC-TYPE CALL NUMBER (OCLC); LOCAL CALL NUMBER (RLIN)
Classification number (OCLC) (R) ; Classification number, CALL (RLIN) (NR) 346.53101
Local cutter number (OCLC) ; Book number/undivided call number, CALL (RLIN) س ع و
110 1# - MAIN ENTRY--CORPORATE NAME
Corporate name or jurisdiction name as entry element السعودية
Relator term مؤلف.
240 10 - UNIFORM TITLE
Uniform title نظام دائرة النفوس (1358 هـ)
245 10 - TITLE STATEMENT
Title نظام دائرة النفوس بالمملكة العربية السعودية رقم 38 / 2 / 62 في 24 / 6 / 1358 هـ /
Statement of responsibility, etc. وزارة الداخلية.
264 #1 - PRODUCTION, PUBLICATION, DISTRIBUTION, MANUFACTURE, AND COPYRIGHT NOTICE
Place of production, publication, distribution, manufacture مكة المكرمة :
Name of producer, publisher, distributor, manufacturer مطبعة الحكومة،
Date of production, publication, distribution, manufacture, or copyright notice [1961]
300 ## - PHYSICAL DESCRIPTION
Extent 8 صفحة؛
Dimensions 24 سم
336 ## - CONTENT TYPE
Content type term نص
Content type code txt
Source rdacontent
Materials specified كتاب
337 ## - MEDIA TYPE
Media type term بدون وسيط
Media type code n
Source rdamedia
338 ## - CARRIER TYPE
Carrier type term مجلد
Carrier type code nc
Source rdacarrier
650 #7 - SUBJECT ADDED ENTRY--TOPICAL TERM
Topical term or geographic name entry element الأحوال الشخصية
General subdivision قوانين وتشريعات
Geographic subdivision السعودية
Source of heading or term aucsh
710 1# - ADDED ENTRY--CORPORATE NAME
Corporate name or jurisdiction name as entry element السعودية.
Subordinate unit وزارة الداخلية
Relator term مؤلف.
942 ## - ADDED ENTRY ELEMENTS (KOHA)
Source of classification or shelving scheme Dewey Decimal Classification
Koha item type Books
Suppress in OPAC No
949 ## - LOCAL PROCESSING INFORMATION (OCLC)
a SA-JeALM
d 251027
u mohamedma123
n 1
Holdings
Withdrawn status Lost status Source of classification or shelving scheme Damaged status Not for loan Home library Current library Date acquired Total checkouts Full call number Barcode Date last seen Price effective from Koha item type
    Dewey Decimal Classification     DR AbdElwahab Library DR AbdElwahab Library 11/02/2025   346.53101 س ع و 000020746 11/02/2025 11/02/2025 Books
    Dewey Decimal Classification     DR AbdElwahab Library DR AbdElwahab Library 11/30/2025   346.53101 س ع و 000021359 11/30/2025 11/30/2025 Books